Jinnah, creator of Pakistan / (Record no. 331540)

000 -LEADER
fixed length control field 01174cam a2200325 a 4500
001 - CONTROL NUMBER
control field 14708355
003 - CONTROL NUMBER IDENTIFIER
control field NUST
005 - DATE AND TIME OF LATEST TRANSACTION
control field 20171004105801.0
008 - FIXED-LENGTH DATA ELEMENTS--GENERAL INFORMATION
fixed length control field 070123s2006 pk b 001 0beng
010 ## - LIBRARY OF CONGRESS CONTROL NUMBER
LC control number 2006333836
020 ## - INTERNATIONAL STANDARD BOOK NUMBER
International Standard Book Number 9780195473230
020 ## - INTERNATIONAL STANDARD BOOK NUMBER
International Standard Book Number 019547323X
025 ## - OVERSEAS ACQUISITION NUMBER
Overseas acquisition number P-E-2006333836; 20
040 ## - CATALOGING SOURCE
Original cataloging agency DLC
Transcribing agency DLC
Modifying agency DLC
042 ## - AUTHENTICATION CODE
Authentication code lcode
043 ## - GEOGRAPHIC AREA CODE
Geographic area code a-pk---
050 00 - LIBRARY OF CONGRESS CALL NUMBER
Classification number DS385.J5
Item number B643 2006
082 ## - DEWEY DECIMAL CLASSIFICATION NUMBER
Classification number 954.0350924
Author Mark BOL
100 1# - MAIN ENTRY--PERSONAL NAME
Personal name Bolitho, Hector,
Dates associated with a name 1897-1974.
9 (RLIN) 5181
245 10 - TITLE STATEMENT
Title Jinnah, creator of Pakistan /
Statement of responsibility, etc. by Hector Bolitho.
260 ## - PUBLICATION, DISTRIBUTION, ETC.
Place of publication, distribution, etc. Karachi :
Name of publisher, distributor, etc. Oxford University Press,
Date of publication, distribution, etc. 2006.
300 ## - PHYSICAL DESCRIPTION
Extent viii, 222 p. ;
Dimensions 22 cm
500 ## - GENERAL NOTE
General note "Failure is a word unknown to me, Muhammad Ali Jinnah".
504 ## - BIBLIOGRAPHY, ETC. NOTE
Bibliography, etc. note Includes bibliographical references (p. [205]-206) and index.
600 10 - SUBJECT ADDED ENTRY--PERSONAL NAME
Personal name Jinnah, Mahomed Ali,
Dates associated with a name 1876-1948.
9 (RLIN) 4251
650 #0 - SUBJECT ADDED ENTRY--TOPICAL TERM
Topical term or geographic name entry element Heads of state
Geographic subdivision Pakistan
Form subdivision Biography.
9 (RLIN) 5182
650 #0 - SUBJECT ADDED ENTRY--TOPICAL TERM
Topical term or geographic name entry element Statesmen
Geographic subdivision Pakistan
Form subdivision Biography.
9 (RLIN) 4852
651 #0 - SUBJECT ADDED ENTRY--GEOGRAPHIC NAME
Geographic name India
General subdivision Politics and government
Chronological subdivision 1919-1947.
9 (RLIN) 205
906 ## - LOCAL DATA ELEMENT F, LDF (RLIN)
a 7
b cbc
c origode
d 3
e ncip
f 20
g y-gencatlg
942 ## - ADDED ENTRY ELEMENTS (KOHA)
Source of classification or shelving scheme
Koha item type Book
Holdings
Withdrawn status Lost status Source of classification or shelving scheme Damaged status Not for loan Collection code Permanent Location Current Location Date acquired Source of acquisition Total Checkouts Total Renewals Full call number Barcode Checked out Date last seen Date last checked out Copy number Price effective from Koha item type
            NUST Law School (NLS) NUST Law School (NLS) 12/02/2018 Donation 2 1 954.91042 BOL CL-D-102 12/17/2025 10/02/2025 10/02/2025 2 12/02/2018 Book
© 2023 Central Library, National University of Sciences and Technology. All Rights Reserved.